000 00734nam a2200193Ia 4500
008 151121s9999||||xx |||||||||||||| ||und||
082 _a816/वकील
082 _bHNW-116532
100 _aवकील सुप्रिया
245 _aजे आर डी टाटा यांची पत्रे
260 _b"मेहता पब्लिशिंग हाऊस, पुणे।"
260 _c2013
300 _a509
600 _aवकील सुप्रिया
630 _aजे आर डी टाटा यांची पत्रे
700 _aवकील सुप्रिया
730 _aजे आर डी टाटा यांची पत्रे
942 _cBOOK
999 _c1265164
_d1265161